000 00535nab a2200181 4500
001 244442
003 OSt
005 20230623064320.0
007 tu
008 200917s2020|||||||
040 _aDE-2950
_cDE-2950
245 0 0 _aHistorischer Blick über den Winzerring.
_b[Korrektur zu Straßennamen, Teil 4 / Targiel] /
_cFoto. Walter Fricke
264 _c2023
653 _aFrankfurt (Oder)
653 _aStraßennamen
773 0 _g34. Jahrgang (2023) Nr. 135 vom 13.06.2023, S. 15: mit Foto
_tMärkische Oderzeitung
942 _2z
_cA
999 _c372559
_d372559